000 01602nam a2200337 a 4500
001 BRCA_3259
005 20190320204206.0
008 120309s1824----enka---###---#000-0#eng-#
041 _aeng
044 _aenk
084 _a560
_b.K55
_c1824
100 1 _aCervantes Saavedra, Miguel de
_d1547-1616
_9213
245 1 0 _aThe Life and Exploits of Don Quixote de la Mancha
_cTranslated from the Spanish of Miguel de Cervantes Saavedra by Charles Jarvis.
260 _aLondres
_bKnight and Lacey
_c1824
300 _a2 v.
_bil.
_c19 cm.
500 _aContenido : v.1. Primera parte. Vida de Cervantes extractada de la escrita por Mayáns. Prólogo del autor. -- v.2. Segunda parte. Prólogo de Cervantes
500 _aEdición : Illustrated by 24 Desings by Cruickshank
500 _aReproducción de la versión de Jarvis. Contiene la vida de Cervantes extractada de la escrita por Mayáns y 24 láminas del notable dibujante Cruickshank. Semipiel; lomeras adornadas con filetes dorados Lúdovik Osterc
500 _aEstado físico : Al vol. 1 le faltan las 12 primeras páginas
500 _aQM447
546 _aTexto en : inglés
650 1 4 _aNovela española
_yÉpoca clásica, 1500-1700
_9215
650 1 4 _aLiteratura española
_yÉpoca clásica, 1500-1700
_9216
650 1 4 _aNovela española
_ySiglo XVII
_9217
650 1 4 _aDon Quijote (Personaje ficticio)
_eNovela
_9218
700 1 _aJarvis, Charles
_d?-1739
_eTraductor
_98671
700 1 _aCruickshank, George
_d1853-1904
_eIlustrador
_98672
740 0 _aEl Ingenioso Hidalgo Don Quijote de la Mancha
902 _aQFM
942 _2lcc
_cB
999 _c2995
_d2995